000 00351nam a2200133Ia 4500
008 220204s9999 xx 000 0 und d
082 _a575.8
_bDOB.4
100 _aDOBZHANSKY, Theodosius C
245 0 _aEvolutionary biology. V 4
260 _aNew York
_bMeredith
_c1970
650 _aEvolution
650 _aNatural selection phenomenon
942 _cBK
999 _c34425
_d34425